| 000 | 00743cab a2200229 4500 | ||
|---|---|---|---|
| 001 | ABS46014 | ||
| 008 | 090401t1992 xxu||||| |||| 00| 0 eng d | ||
| 035 | _a(Sirsi) u56357 | ||
| 041 | _aeng | ||
| 100 | _aEvans, R. | ||
| 245 | _aMaking places: Centenary Square | ||
| 260 | _c1992 | ||
| 350 | _a0 | ||
| 490 |
_aArchitects` Journal _v195(5) 5 February 1992, 43-45(3) |
||
| 520 | _aTown planning is considerably altering the infrastructure of Birmingham`s centre and one aspect of the changes is the creation of a large new square in the convention quarter: Centenary Square. | ||
| 650 | _aBIRMINGHAM | ||
| 650 | _aCENTENARY SQUARE | ||
| 650 | _aPUBLIC OPEN SPACES | ||
| 690 | _aURBAN RENEWAL | ||
| 942 | _n0 | ||
| 948 | _c04/03/1997 | ||
| 999 |
_c34366 _d34366 |
||